00873cam a22002531 4500001001300000003000400013005001700017008004100034010001700075035001900092040004300111042001200154050001700166082000800183110004100191245022500232260002300457300001800480504002800498650002600526650001500552650003500567999001700602e 40000459 DLC20260227111229.0830506s1940 tnu b s000 0 eng c ae 40000459  a(OCoLC)9484913 aU.S. Off. of educ. LibrarycDNIEdDLC apremarc00aLB1570b.T38 a3721 aTennessee.bDepartment of Education.10aMastering skills and evaluating pupil progress in the elementary schools.cState Department of education, Nashville, Tennessee, 1940. B.O. Duggan, commissioner of education. R. Lee Thomas, elementary school supervisor. a[Nashville,c1940] a45 p.c22 cm. aBibliography: p. 43-45. 0aEducationxCurricula. 0aEducation. 0aGrading and marking (Students) c21720d21720